MARC details
| 000 -LEADER |
| campo de control de longitud fija |
01536nam a2200361 i 4500 |
| 001 - NÚMERO DE CONTROL |
| campo de control |
180906 |
| 003 - IDENTIFICADOR DE NÚMERO DE CONTROL |
| campo de control |
ES-MaACL |
| 005 - FECHA Y HORA DE LA ÚLTIMA TRANSACCIÓN |
| campo de control |
20250902065742.0 |
| 008 - DATOS DE LONGITUD FIJA--INFORMACIÓN GENERAL |
| campo de control de longitud fija |
120821s2010 sp abd |||| | spa d |
| 020 ## - NÚMERO INTERNACIONAL ESTÁNDAR DEL LIBRO |
| Número Internacional Estándar del Libro |
978-84-08-09300-8 |
| 080 ## - NÚMERO DE LA CLASIFICACIÓN DECIMAL UNIVERSAL |
| Número de la Clasificación Decimal Universal |
811.134.2:004.738.5 |
| 080 ## - NÚMERO DE LA CLASIFICACIÓN DECIMAL UNIVERSAL |
| Número de la Clasificación Decimal Universal |
811:33 |
| 080 ## - NÚMERO DE LA CLASIFICACIÓN DECIMAL UNIVERSAL |
| Número de la Clasificación Decimal Universal |
654.165:658.152 |
| 100 1# - ENTRADA PRINCIPAL--NOMBRE DE PERSONA |
| Nombre de persona |
Quirós Romero, Cipriano. |
| 9 (RLIN) |
151339 |
| 245 10 - MENCIÓN DEL TÍTULO |
| Título |
Lengua y tecnologías de la información y las comunicaciones |
| Resto del título |
: presencia del español en Internet, y papel de las grandes lenguas internacionales en la expansión de las operadoras de telecomunicaciones / |
| Mención de responsabilidad, etc. |
Cipriano Quirós Romero. |
| 246 38 - FORMA VARIANTE DEL TITULO |
| Título propio/Titulo breve |
Lengua y TIC |
| 250 ## - MENCION DE EDICION |
| Mención de edición |
1ª ed. |
| 260 ## - PUBLICACIÓN, DISTRIBUCIÓN, ETC. |
| Lugar de publicación, distribución, etc. |
Barcelona : |
| Nombre del editor, distribuidor, etc. |
Ariel ; |
| Lugar de publicación, distribución, etc. |
Madrid : |
| Nombre del editor, distribuidor, etc. |
Fundación Telefónica, |
| Fecha de publicación, distribución, etc. |
2010. |
| 300 ## - DESCRIPCIÓN FÍSICA |
| Extensión |
136 p. : |
| Otras características físicas |
gráf., mapas ; |
| Dimensiones |
22 cm. |
| 490 1# - MENCIÓN DE SERIE |
| Mención de serie |
Valor económico del español : una empresa multinacional ; |
| Designación de volumen o secuencia |
7 |
| 490 1# - MENCIÓN DE SERIE |
| Mención de serie |
Fundación Telefónica. Libro ; |
| Designación de volumen o secuencia |
5 |
| 504 ## - NOTA DE BIBLIOGRAFÍA, ETC. |
| Nota de bibliografía, etc. |
Bibliografía: p. [133]-136. |
| 650 #7 - PUNTO DE ACCESO ADICIONAL DE MATERIA--TÉRMINO DE MATERIA |
| Término de materia o nombre geográfico como elemento de entrada |
Lengua española- |
| Subdivisión general |
Difusión. |
| 9 (RLIN) |
141111 |
| 650 #7 - PUNTO DE ACCESO ADICIONAL DE MATERIA--TÉRMINO DE MATERIA |
| Término de materia o nombre geográfico como elemento de entrada |
Lenguas- |
| Subdivisión general |
Aspectos económicos. |
| 9 (RLIN) |
151337 |
| 650 #7 - PUNTO DE ACCESO ADICIONAL DE MATERIA--TÉRMINO DE MATERIA |
| Término de materia o nombre geográfico como elemento de entrada |
Empresas telefónicas |
| Fuente del encabezamiento o término |
embne |
| 9 (RLIN) |
151338 |
| 710 2# - ENTRADA AGREGADA--NOMBRE DE ENTIDAD CORPORATIVA |
| Nombre de entidad corporativa o nombre de jurisdicción como elemento de entrada |
Fundación Telefónica. |
| 9 (RLIN) |
4420 |
| 830 00 - PUNTO DE ACCESO ADICIONAL DE SERIE-TÍTULO UNIFORME |
| Título uniforme |
Valor económico del español: una empresa multinacional |
| Designación de volumen o secuencia |
7 |
| 9 (RLIN) |
191694 |
| 830 0# - PUNTO DE ACCESO ADICIONAL DE SERIE-TÍTULO UNIFORME |
| Título uniforme |
Fundación Telefónica. Libro ; |
| Designación de volumen o secuencia |
5 |
| 9 (RLIN) |
191695 |
| 852 ## - LOCALIZACIÓN |
| Ubicación |
ES-MaACL |
| Número de control de estantería |
A-12188 |
| itemnumber |
187785 |
| Sublocalización o colección |
R.147093 |
| Ubicación en estantería |
Depósito 1 |
| Signatura antigua |
Olim: N-5193 |
| Encuadernación |
Donacion:R.A.E |
| 914 ## - NOMBRE ENTIDAD DE DONANTE |
| RLIN |
6336 |
| Nombre de congreso/reunión o jurisdicción como elemento de entrada |
Real Academia Española |
| Unidad subordinada |
Donante |
| 942 ## - ELEMENTOS DE ENTRADA SECUNDARIOS (KOHA) |
| Fuente del sistema de clasificación o colocación |
Clasificación decimal universal |
| Tipo de ítem Koha |
Libro impreso |